| 000 | 00856nam0a2200241 4500 | ||
|---|---|---|---|
| 001 | RU\NLR\BIBL_A\011603704 | ||
| 005 | 20250626100057.0 | ||
| 035 | _a(NLR Aleph) 011603704 | ||
| 090 |
_a10903684 _c10903684 |
||
| 100 | _a20180126d1976 |||y0rusy50 ca | ||
| 101 | 0 | _ache | |
| 102 | _aRU | ||
| 105 | _ac z 000ay | ||
| 200 | 1 |
_aДохковалар _eповесть _fХожа-Ахьмад Берсанов |
|
| 210 |
_aГрозный _cНохч-ГIалгIайн кн. изд-во _d1976 |
||
| 215 |
_a180,[1] с. _cпортр. _d17 |
||
| 541 | 1 |
_aРаскаяние _eповесть _zrus |
|
| 686 | 1 | _aШ6(2=Че)7-4 | |
| 700 | 1 |
_4070 _7ca _8rus _aБерсанов _bХ.-А. А. _f1926- _gХож-Ахмед Ахматович _9136564 _3RU\NLR\AUTH\770136599 |
|
| 852 |
_aNLR _bОНЛ _jЧеч./2-749 |
||
| 942 | _cBOOK | ||
| 980 | _aNB | ||